| 000 | 00527nam a22001811a 4500 | ||
|---|---|---|---|
| 001 | 10800 | ||
| 003 | OSt | ||
| 005 | 20260204212213.0 | ||
| 008 | 100310s2002||||sp ||||||b||||||||||spa|| | ||
| 020 | _a8475844693 | ||
| 050 | _a371.102 T735a | ||
| 100 | _aTrilla Bernet, Jaume | ||
| 245 | _aLa aburreida escuela: Junto a una pedagogía de la facilidad y otras cosas / Jaume Trilla Bernet | ||
| 264 | _aEspaña : Laertes | ||
| 300 | _a203 p | ||
| 650 | _aPedagogía 2.Emseñanza 3.Educación - InnovaciónÌ | ||
| 942 |
_2ddc _cBK |
||
| 999 |
_c10800 _d10800 |
||